Los Angeles Clippers Leading Rebounder per year - Statistics

General Stats
  • This quiz has been taken 23 times
    20 since last reset
  • The average score is 28 of 54
Answer Stats
Year Player % Correct
2013 Blake Griffin
100%
2012 Blake Griffin
100%
2011 Blake Griffin
100%
2018 DeAndre Jordan
100%
2017 DeAndre Jordan
100%
2016 DeAndre Jordan
100%
2015 DeAndre Jordan
100%
2014 DeAndre Jordan
100%
2008 Elton Brand
100%
2007 Elton Brand
100%
2006 Elton Brand
100%
2005 Elton Brand
100%
2004 Elton Brand
100%
2003 Elton Brand
100%
2002 Elton Brand
100%
1973 Elmore Smith
89%
1972 Elmore Smith
89%
1977 Bob McAdoo
78%
1976 Bob McAdoo
78%
1975 Bob McAdoo
78%
1974 Bob McAdoo
78%
2024 Ivica Zubac
78%
2023 Ivica Zubac
78%
2022 Ivica Zubac
78%
2021 Ivica Zubac
78%
2020 Ivica Zubac
78%
2000 Michael Olowokandi
33%
1999 Michael Olowokandi
33%
1991 Benoit Benjamin
22%
1990 Benoit Benjamin
22%
1989 Benoit Benjamin
22%
1985 Bill Walton
22%
1993 Ken Norman
22%
1997 Loy Vaught
22%
1996 Loy Vaught
22%
1995 Loy Vaught
22%
1994 Loy Vaught
22%
2001 Lamar Odom
11%
2010 Marcus Camby
11%
2009 Marcus Camby
11%
1988 Michael Cage
11%
1987 Michael Cage
11%
1992 Olden Polynice
11%
1981 Swen Nater
11%
1980 Swen Nater
11%
1978 Swen Nater
11%
1984 Terry Cummings
11%
1983 Terry Cummings
11%
1971 Bob Kauffman
0%
1986 James Donaldson
0%
1982 Jerome Whitehead
0%
1979 Kermit Washington
0%
1998 Lorenzen Wright
0%
2019 Tobias Harris
0%
No matching quizzes found
Score Distribution
Percent of People with Each Score
Percentile by Number Answered
Your Score History
You have not taken this quiz since the last reset